000 00557nam a2200169Ia 4500
008 090201s9999 xx 000 0 und d
010 _aKPL-44047
040 _bमराठी
041 _aमराठी
082 _a28793
_b44047
100 _aर. वी. रानडे
245 _aहोमीओपथीची पायवाट
_cर. वी. रानडे
260 _c2004
_bसौभाग्य प्रकाशन
300 _a306
_bमोठा
600 _aहोमीओपथीची पायवाट
942 _cBOOK
999 _c227458
_d227458